The development of digital records systems in British Gas Plc (Record no. 91720)
[ view plain ]
| 000 -LEADER | |
|---|---|
| fixed length control field | 00866cam a2200277 4500 |
| 001 - CONTROL NUMBER | |
| control field | B1612 |
| 008 - FIXED-LENGTH DATA ELEMENTS--GENERAL INFORMATION | |
| fixed length control field | 090401t1988 xxu||||| |||| 00| 0 eng d |
| 035 ## - SYSTEM CONTROL NUMBER | |
| System control number | (Sirsi) u45438 |
| 041 ## - LANGUAGE CODE | |
| Language code of text/sound track or separate title | eng |
| 050 ## - LIBRARY OF CONGRESS CALL NUMBER | |
| Classification number | 526.90285 |
| 090 ## - LOCALLY ASSIGNED LC-TYPE CALL NUMBER (OCLC); LOCAL CALL NUMBER (RLIN) | |
| Classification number (OCLC) (R) ; Classification number, CALL (RLIN) (NR) | RICS 1988/4 ABC |
| 100 ## - MAIN ENTRY--PERSONAL NAME | |
| Personal name | Ives, M.J. |
| 245 #4 - TITLE STATEMENT | |
| Title | The development of digital records systems in British Gas Plc |
| 260 ## - PUBLICATION, DISTRIBUTION, ETC. | |
| Date of publication, distribution, etc. | 1988 |
| 300 ## - PHYSICAL DESCRIPTION | |
| Extent | 11p. ; 30cm. |
| 350 ## - PRICE (NR) (BK AM CF MU VM SE) [OBSOLETE] | |
| Price | 3.25 |
| 520 ## - SUMMARY, ETC. | |
| Summary, etc. | Presented at an RICS Land Surveyors Division OGM 7 January 1988. N.B. This paper was also handed out with Kelly`s contribution to the workshop entitled: GIS/LIS and the land surveyor: opportunities and pitfalls. (1987/56) |
| 650 ## - SUBJECT ADDED ENTRY--TOPICAL TERM | |
| Topical term or geographic name entry element | GAS |
| 650 ## - SUBJECT ADDED ENTRY--TOPICAL TERM | |
| Topical term or geographic name entry element | GIS |
| 650 ## - SUBJECT ADDED ENTRY--TOPICAL TERM | |
| Topical term or geographic name entry element | LAND INFORMATION SYSTEMS |
| 650 ## - SUBJECT ADDED ENTRY--TOPICAL TERM | |
| Topical term or geographic name entry element | UTILITIES MAPPING |
| 700 ## - ADDED ENTRY--PERSONAL NAME | |
| Personal name | Kelly, S.J |
| 700 ## - ADDED ENTRY--PERSONAL NAME | |
| Personal name | Mahoney, R.P. |
| 942 ## - ADDED ENTRY ELEMENTS (KOHA) | |
| Suppress in OPAC | 0 |
| 948 ## - LOCAL PROCESSING INFORMATION (OCLC); SERIES PART DESIGNATOR (RLIN) | |
| c (OCLC) | 04/03/1997 |
| Withdrawn status | Lost status | Source of classification or shelving scheme | Damaged status | Not for loan | Home library | Current library | Shelving location | Date acquired | Cost, normal purchase price | Total Checkouts | Full call number | Barcode | Date last seen | Copy number | Cost, replacement price | Price effective from | Koha item type |
|---|---|---|---|---|---|---|---|---|---|---|---|---|---|---|---|---|---|
| Dewey Decimal Classification | London | London | RICS Boxes | 09/01/1992 | 3.25 | RICS 1988/4 | 30025100 | 06/08/2019 | 1 | 3.25 | 06/08/2019 | Archive | |||||
| Dewey Decimal Classification | London | London | RICS Boxes | 19/08/1991 | 3.25 | RICS 1988/4 | 30031577 | 06/08/2019 | 2 | 3.25 | 06/08/2019 | Reference material | |||||
| Dewey Decimal Classification | London | London | RICS Boxes | 19/08/1991 | 3.25 | RICS 1988/4 | 30031581 | 06/08/2019 | 3 | 3.25 | 06/08/2019 | Book |